000 00560nam a2200193Ia 4500
005 20250508165207.0
008 008 250505s9999 xx 000 0 eng d
037 _aDissertations
040 _aFEDL
_beng
_cFEDL
041 _aeng
_2eng
084 _a370.7, BHA/DI
_qFEDL
100 _aBhadauria Neelam
_9780121
245 0 _aTeacher diary as a planning document: An Exploratory study
260 _c2012
300 _a79p.
546 _aM.Ed. Dissertation, (Delhi University)
942 _cDIS
_h370.7, BHA/DI
999 _c1393696
_d1393696